书目信息 |
| 题名: |
财经法规与会计职业道德
|
|
| 作者: | 江苏省会计从业资格考试研究编审组 编 | |
| 分册: | ||
| 出版信息: | 北京 经济科学出版社 2013.7 |
|
| 页数: | 299页 | |
| 开本: | 25cm | |
| 丛书名: | ||
| 单 册: | ||
| 中图分类: | D922.2 , F233 | |
| 科图分类: | ||
| 主题词: | 财政法--中国--会计--资格考试--教材 , 经济法--中国--会计--资格考试--教材 , 会计人员--职业道德--资格考试--教材 | |
| 电子资源: | ||
| ISBN: | 978-7-5141-3670-8 | |
| 000 | 01229nam0 2200265 450 | |
| 001 | 338787 | |
| 005 | 20150603151417.81 | |
| 010 | @a978-7-5141-3670-8@dCNY40.00 | |
| 100 | @a20130802d2013 em y0chiy0110 ea | |
| 101 | 0 | @achi |
| 102 | @aCN@b110000 | |
| 105 | @ay z 000yy | |
| 106 | @ar | |
| 200 | 1 | @a财经法规与会计职业道德@Acai jing fa gui yu hui ji zhi ye dao de@f江苏省会计从业资格考试研究编审组编 |
| 210 | @a北京@c经济科学出版社@d2013.7 | |
| 215 | @a299页@d25cm | |
| 330 | @a本书旨在进一步完善江苏省职业教育会计专业教材体系, 推进专业与产业对接、课程内容与职业标准对接、教学过程与生产管理活动对接、学历教育与职业资格标准对接、职业教育与终身教育对接, 内容新、知识面广、容量大, 尤其突出对实务操作的职业技能的培养。本书桌 参加会计从业资格考试人员复习应考和会计实务工作者的重要学习参考用书, 也可作为江苏省职业学校会计专业学生在校首选教材。 | |
| 606 | 0 | @a财政法@y中国@x会计@x资格考试@j教材 |
| 606 | 0 | @a经济法@y中国@x会计@x资格考试@j教材 |
| 606 | 0 | @a会计人员@x职业道德@x资格考试@j教材 |
| 690 | @aD922.2@v5 | |
| 690 | @aF233@v5 | |
| 701 | 0 | @a江苏省会计从业资格考试研究编审组@Ajiang su sheng hui ji cong ye zi ge kao shi yan jiu bian shen zu@4编 |
| 801 | 0 | @aCN@b卓展宏图@c20150525 |
| 905 | @dD922.2@e1243@f5 | |
| 财经法规与会计职业道德/江苏省会计从业资格考试研究编审组编.-北京:经济科学出版社,2013.7 |
| 299页;25cm |
| ISBN 978-7-5141-3670-8:CNY40.00 |
| 本书旨在进一步完善江苏省职业教育会计专业教材体系, 推进专业与产业对接、课程内容与职业标准对接、教学过程与生产管理活动对接、学历教育与职业资格标准对接、职业教育与终身教育对接, 内容新、知识面广、容量大, 尤其突出对实务操作的职业技能的培养。本书桌 参加会计从业资格考试人员复习应考和会计实务工作者的重要学习参考用书, 也可作为江苏省职业学校会计专业学生在校首选教材。 |
| ● |
| 相关链接 |
|
|
|
|
正题名:财经法规与会计职业道德
索取号:D922.2/1243
 
预约/预借
| 序号 | 登录号 | 条形码 | 馆藏地/架位号 | 状态 | 备注 |
| 1 | 860533 | 208605339 | 第一样本阅览室/ [索取号:D922.2/1243] | 在馆 | |
| 2 | 860534 | 208605348 | 第一借阅区/ [索取号:D922.2/1243] | 在馆 | |
| 3 | 860535 | 208605357 | 第一借阅区/ [索取号:D922.2/1243] | 在馆 | |
| 4 | 860536 | 208605366 | 第一借阅区/ [索取号:D922.2/1243] | 在馆 | |
| 5 | 860537 | 208605375 | 密集书库-史法系/ [索取号:D922.2/1243] | 在馆 |